Mechanical Measurements (Record no. 4416)

MARC details
000 -LEADER
fixed length control field 00360nam a2200157Ia 4500
003 - CONTROL NUMBER IDENTIFIER
control field OSt
008 - FIXED-LENGTH DATA ELEMENTS--GENERAL INFORMATION
fixed length control field 191201s2010 xx 000 0 und d
082 ## - DEWEY DECIMAL CLASSIFICATION NUMBER
Classification number 681.2
Item number BEM
100 ## - MAIN ENTRY--PERSONAL NAME
Personal name BECKWITH, Thomas G
245 #0 - TITLE STATEMENT
Title Mechanical Measurements
250 ## - EDITION STATEMENT
Edition statement IMP 3rd
260 ## - PUBLICATION, DISTRIBUTION, ETC. (IMPRINT)
Place of publication, distribution, etc New Delhi
Name of publisher, distributor, etc Pearson
Date of publication, distribution, etc 2010
300 ## - PHYSICAL DESCRIPTION
Extent 783
650 ## - SUBJECT ADDED ENTRY--TOPICAL TERM
Topical term or geographic name as entry element B.Tech(ME)
942 ## - ADDED ENTRY ELEMENTS (KOHA)
Source of classification or shelving scheme Dewey Decimal Classification
Koha item type Text Books
Holdings
Withdrawn status Lost status Source of classification or shelving scheme Damaged status Not for loan Collection code Home library Current library Date acquired Source of acquisition Cost, normal purchase price Bill Number Total Checkouts Full call number Acc. no. / Barcode Date last seen Bill Date Koha item type
    Dewey Decimal Classification     B.Tech(ME) PIET C-LIBRARY PIET C-LIBRARY 17/08/2006 J B C, New Delhi 445.00 SI-4847   681.2 BEM 14846 04/12/2019 04/03/2010 Text Books
    Dewey Decimal Classification     B.Tech(ME) PIET C-LIBRARY PIET C-LIBRARY 17/08/2006 J B C, New Delhi 445.00 SI-4847   681.2 BEM 14847 04/12/2019 04/03/2010 Text Books
    Dewey Decimal Classification     B.Tech(ME) PIET C-LIBRARY PIET C-LIBRARY 17/08/2006 J B C, New Delhi 445.00 SI-4847   681.2 BEM 14848 04/12/2019 04/03/2010 Text Books
    Dewey Decimal Classification     B.Tech(ME) PIET C-LIBRARY PIET C-LIBRARY 17/08/2006 J B C, New Delhi 445.00 SI-4847   681.2 BEM 14849 04/12/2019 04/03/2010 Text Books
    Dewey Decimal Classification     B.Tech(ME) PIET C-LIBRARY PIET C-LIBRARY 17/08/2006 J B C, New Delhi 445.00 SI-4847   681.2 BEM 14850 04/12/2019 04/03/2010 Text Books
    Dewey Decimal Classification     B.Tech(ME) PIET C-LIBRARY PIET C-LIBRARY 17/08/2006 J B C, New Delhi 445.00 SI-4847   681.2 BEM 14851 04/12/2019 04/03/2010 Text Books
    Dewey Decimal Classification     B.Tech(ME) PIET C-LIBRARY PIET C-LIBRARY 17/08/2006 J B C, New Delhi 445.00 SI-4847   681.2 BEM 14852 04/12/2019 04/03/2010 Text Books
    Dewey Decimal Classification     B.Tech(ME) PIET C-LIBRARY PIET C-LIBRARY 17/08/2006 J B C, New Delhi 445.00 SI-4847   681.2 BEM 14853 04/12/2019 04/03/2010 Text Books
    Dewey Decimal Classification     B.Tech(ME) PIET C-LIBRARY PIET C-LIBRARY 17/08/2006 J B C, New Delhi 445.00 SI-4847   681.2 BEM 14854 04/12/2019 04/03/2010 Text Books
    Dewey Decimal Classification     B.Tech(ME) PIET C-LIBRARY PIET C-LIBRARY 17/08/2006 J B C, New Delhi 445.00 SI-4847   681.2 BEM 14855 04/12/2019 04/03/2010 Text Books

Design & Developed by: PIET Central Library
R70 Miles Stone Pattikalyana Samalkha Panipat 132102
mail ID :- [email protected], Phone No:- 0180-2569700 Ex.216